La cuestión de Canarias en la Sociedad Económica Matritense (Record no. 48066)

MARC details
000 -LEADER
campo de control de longitud fija 00663nam a22001815i 4500
001 - NÚMERO DE CONTROL
campo de control 48066
003 - IDENTIFICADOR DE NÚMERO DE CONTROL
campo de control ES-MaACL
005 - FECHA Y HORA DE LA ÚLTIMA TRANSACCIÓN
campo de control 20230906161703.0
007 - CAMPO FIJO DE DESCRIPCIÓN FÍSICA--INFORMACIÓN GENERAL
campo de control de longitud fija t|
008 - DATOS DE LONGITUD FIJA--INFORMACIÓN GENERAL
campo de control de longitud fija 981118s1881 sp ||||1| spa d
040 ## - FUENTE DE CATALOGACIÓN
Centro catalogador/agencia de origen CAM
Lengua de catalogación spa
Centro/agencia transcriptor CCPB
245 03 - MENCIÓN DEL TÍTULO
Título La cuestión de Canarias en la Sociedad Económica Matritense
Resto del título : documentos que publica acerca de este asunto dicha Corporación.
260 ## - PUBLICACIÓN, DISTRIBUCIÓN, ETC.
Lugar de publicación, distribución, etc. Madrid :
Nombre del editor, distribuidor, etc. Sociedad Económica Matritense,
Fecha de publicación, distribución, etc. 1881 (
Fabricante Manuel Tello)
300 ## - DESCRIPCIÓN FÍSICA
Extensión 77 p., [1] h. de map. pleg. ;
Dimensiones 23 cm.
710 2# - ENTRADA AGREGADA--NOMBRE DE ENTIDAD CORPORATIVA
Nombre de entidad corporativa o nombre de jurisdicción como elemento de entrada Real Sociedad Económica Matritense de Amigos del País.
9 (RLIN) 6389
852 ## - LOCALIZACIÓN
Ubicación ES-MaACL
Número de control de estantería Fol-Laf-260
852 ## - LOCALIZACIÓN
Ubicación ES-MaACL
Número de control de estantería T-428-F-20
Holdings
Estatus retirado Estado de pérdida Estado de daño No para préstamo Colección Biblioteca de origen Biblioteca actual Ubicación en estantería Fecha de adquisición Fuente de adquisición Total de préstamos Signatura topográfica completa Código de barras Visto por última vez Precio de reemplazo Tipo de ítem Koha
        Colección de folletos Biblioteca del Ateneo de Madrid Biblioteca del Ateneo de Madrid Depósito folletos 17/01/2008     Fol-Laf-260 1050588 23/02/2023 23/02/2023 Folleto